| 000 | 00367nam a2200145 a 4500 | ||
|---|---|---|---|
| 005 | 20140414131914.0 | ||
| 008 | 100902s19uu xx 00 eng d | ||
| 020 | _a0439560497 | ||
| 050 |
_aFIC _bAb2 2004 |
||
| 100 | _aAbbott, Tony | ||
| 245 | _aWizard or witch?. | ||
| 260 |
_aNew York : _bScholastic , _c2004. |
||
| 440 | _aThe secrets of droon | ||
| 999 |
_c111378 _d111378 |
||